Statistics for The Maori Alphabet

Click here to take the quiz!

General Stats

  • This quiz has been taken 242 times
  • The average score is 13 of 15

Answer Stats

letter% Correct
A
100%
I
99%
E
98%
O
98%
U
97%
W
91%
H
87%
N
87%
K
84%
R
84%
T
83%
P
76%
M
74%
NG
52%
WH
52%

Score Distribution

Percentile by Number Answered

Percent of People with Each Score

Your Score History

You have not taken this quiz